|
|
|
|
| LEADER |
01263nam a2200313 a 4500 |
| 001 |
0017155 |
| 003 |
BD-DhAAL |
| 008 |
101207r20072002enk b 001 0 eng d |
| 010 |
|
|
|a 85201334
|
| 020 |
|
|
|a 041528533x
|
| 020 |
|
|
|a 0853128820 (lib. bdg.)
|
| 020 |
|
|
|a 0853129029 (student ed.)
|
| 040 |
|
|
|a DLC
|c DLC
|d DLC
|d BD-DhAAL
|
| 082 |
0 |
0 |
|a 301.0944
|2 21
|
| 100 |
1 |
|
|a Smart, Barry.
|9 58296
|
| 245 |
1 |
0 |
|a Michel Foucault /
|c Barry Smart.
|
| 250 |
|
|
|a Revvised ed.
|
| 260 |
|
|
|a London ;
|a New York :
|b Tavistock Publications/Routledge,
|c 2007.
|
| 300 |
|
|
|a 150 p. ;
|c 21 cm
|
| 490 |
0 |
|
|a Key sociologists
|
| 504 |
|
|
|a Includes bibliographical references and index.
|
| 526 |
|
|
|a ENH
|x Prof. Syed Manzoorul Islam
Faculty Member of BRAC University
|
| 541 |
1 |
|
|e 00017155
|a Friends' Book Corner
|
| 600 |
1 |
0 |
|a Foucault, Michel,
|d 1926-1984.
|
| 650 |
|
0 |
|a Sociology
|z France
|x History.
|9 45545
|
| 852 |
4 |
|
|a Ayesha Abed Library
|c General Stacks
|
| 942 |
|
|
|2 ddc
|c BK
|
| 999 |
|
|
|c 10190
|d 10190
|
| 952 |
|
|
|0 0
|1 0
|2 ddc
|4 0
|6 301_094400000000000_SMA
|7 0
|9 13554
|a BRACUL
|b BRACUL
|c GEN
|d 2010-12-09
|e Friends' Book Corner
|g 340.00
|l 6
|m 27
|o 301.0944 SMA
|p 3010017155
|r 2022-06-21
|s 2022-04-05
|t 1
|w 2010-12-09
|y BK
|x Requisitioned by Prof. Syed Manzoorul Islam (Faculty Member of BRAC University).
|